Kadra reprezentacji Francji - MŚ 2006 - Statystyki

Ogólne statystyki
  • Ten quiz został rozwiązany 34 razy
  • Średni wynik to 11 z 24
Statystyki odpowiedzi
Nr Zawodnik Poz % Poprawnych
10 Zinedine Zidane PO
100%
16 Fabien Barthez BR
97%
20 David Trezeguet NA
94%
12 Thierry Henry NA
91%
6 Claude Makélélé PO
81%
22 Franck Ribéry PO
72%
15 Lilian Thuram OB
69%
4 Patrick Vieira PO
53%
19 Willy Sagnol OB
53%
3 Eric Abidal OB
50%
23 Grégory Coupet BR
47%
7 Florent Malouda NA
44%
5 William Gallas OB
44%
# Raymond Domenech Trener
34%
11 Sylvain Wiltord NA
34%
18 Alou Diarra PO
22%
14 Louis Saha NA
22%
9 Sidney Govou NA
22%
13 Mikaël Silvestre OB
16%
17 Gaël Givet OB
9%
1 Mickaël Landreau BR
9%
8 Vikash Dhorasoo PO
9%
2 Jean-Alain Boumsong OB
6%
21 Pascal Chimbonda OB
6%
Nie znaleziono quizów pasujących do podanych kryteriów
Rozkład punktacji
Procent ludzi z każdym wynikiem
Percentyl według liczby udzielonych odpowiedzi
Twoja historia wyników
Nie rozwiązałeś tego quizu